000 00669nam a2200241 i 4500
001 bg
245 7 0 _aMikroekonomia :
_bpraca zbiorowa /
_cpod red. Danuty Kopycińskiej.
260 _aSzczecin :
_bHansapol,
_c1994.
300 _a359, [3] s. :
_bwykr. ;
_c24 cm.
490 1 _aPolubić Ekonomię
504 _aBibliogr. s. [360-362].
650 9 _aMikroekonomia
655 _aPodręczniki akademickie
700 1 _aKopycińska, Danuta.
_eRed.
830 _aPolubić Ekonomię
020 _a8385360107
040 _cBPK
041 0 _apl
080 _a330.101.542(075.8)
920 _a83-85360-10-7
942 _cKS
008 s pl f |000 0 pol
999 _c6622
_d6622
856 _uhttp://koha.tu.koszalin.pl/cgi-bin/koha/opac-detail.pl?biblionumber=6622
_yKatalog online BPK